| 000 | 00531nam a2200181Ia 4500 | ||
|---|---|---|---|
| 003 | IIN | ||
| 005 | 20240102143036.0 | ||
| 008 | 231217s9999 xx 000 0 und d | ||
| 020 |
_cRs.370.00 _a9789386217585 |
||
| 040 |
_aIIN _bEnglish |
||
| 082 |
_a616.61 _bVIS |
||
| 100 | 1 | _a Visweswaran, R. Kasi | |
| 245 | 1 |
_aBasics of Kidney, Renal Disease, Fluid, Electrolyte and Acid-Base Balance _cR. Kasi Visweswaran, |
|
| 260 |
_bCBS _aNew Delhi _c2017 |
||
| 300 | _axvii, 254 p. | ||
| 650 |
_aMedical Surgical _vDisease |
||
| 942 | _cBOOK | ||
| 999 |
_c101 _d101 |
||